000 00614nam a2200241Ia 4500
003 OSt
005 20220924153737.0
006 a|||||r|||| 00| 0
007 ta
008 220923b |||||||| |||| 00| 0 tam d
024 _a351460
037 _cTextual
040 _aARTS
_cARTS
_btam
041 _2tam
_atam
082 _aO31,3NAG1,1, N2
100 _aAgasthiyar Au.
_9229638
245 0 _aEri neruppil idaipathai
260 _c1992
650 _a TAMIL LITERATURE
650 _aTAMIL FICTION
942 _hO31,3NAG1,1, N2
_cTEXL
_2CC
999 _c474642
_d474642